Central Library OPAC University of Rajshahi

Fuel element fabrication, with special emphasis on cladding materials : (Record no. 9338)

MARC details
000 -LEADER
fixed length control field 00814cam a22002411 4500
001 - CONTROL NUMBER
control field 9338
003 - CONTROL NUMBER IDENTIFIER
rucl marc code BD-RjUL
005 - DATE AND TIME OF LATEST TRANSACTION
control field 20211208234748.0
008 - FIXED-LENGTH DATA ELEMENTS--GENERAL INFORMATION
fixed length control field 140120s1961 enk 1 0 eng d
035 ## - SYSTEM CONTROL NUMBER
System control number (BD-RjUL)9383
040 ## - CATALOGING SOURCE
Original cataloging agency BD-RjUL
Language of cataloging eng
Transcribing agency BD-RjUL
Modifying agency BD-RjUL
041 ## - LANGUAGE CODE
Language code of text/sound track or separate title eng
082 00 - DEWEY DECIMAL CLASSIFICATION NUMBER
Classification number 621.4833
Author mark and year SYF 1961
111 20 - MAIN ENTRY--MEETING NAME
Meeting name or jurisdiction name as entry element Symposium on Fuel Element Fabrication
Date of meeting (1960 :
Location of meeting Vienna)
9 (RLIN) 28955
245 10 - TITLE STATEMENT
Title Fuel element fabrication, with special emphasis on cladding materials :
Remainder of title proceedings of a Symposium held in Vienna, May 10-13, 1960 /
Number of part/section of a work volume 2
260 0# - PUBLICATION, DISTRIBUTION, ETC. (IMPRINT)
Place of publication, distribution, etc. Lond. :
Name of publisher, distributor, etc. Academic Press,
Date of publication, distribution, etc. c1961.
300 ## - PHYSICAL DESCRIPTION
Pagination xii, 384 p. :
Illustrations illus. ;
Size 25 cm.
504 ## - BIBLIOGRAPHY, ETC. NOTE
Bibliography, etc Includes index.
650 #0 - SUBJECT ADDED ENTRY--TOPICAL TERM
Topical term or geographic name as entry element Nuclear fuels.
9 (RLIN) 28516
Topical term or geographic name as entry element Nuclear reactors.
9 (RLIN) 28078
Topical term or geographic name as entry element Metal cladding.
9 (RLIN) 28951
942 ## - ADDED ENTRY ELEMENTS (KOHA)
Source of classification or shelving scheme Dewey Decimal Classification
Koha item type Books
Holdings
Lost status Source of classification or shelving scheme Materials specified (bound volume or other part) Damaged status Not for loan Collection code Permanent Location Current Location Shelving location Date acquired Source of acquisition Cost, normal purchase price Total Checkouts Full call number Date last seen Copy number Koha item type
  Dewey Decimal Classification V-2   Not For Loan Non-fiction Central Library, University of Rajshahi Central Library, University of Rajshahi Reading Room 19/12/1963 Zeitlinger 71.60   621.4833 SYF 1961 20/01/2014 C-1 Books